|
|
|
|
| LEADER |
00000nab a2200000 a 4500 |
| 001 |
vtls000228447 |
| 003 |
SK-MaSNL |
| 005 |
20260304223027.0 |
| 008 |
250422c1985 xo 0 slo |
| 015 |
|
|
|a SNBRB19rr/mm-uuuuu
|
| 035 |
|
|
|a CL0238561
|
| 035 |
|
|
|a urn:nbn:sk:snk-ab629
|
| 035 |
|
|
|a (urnnbn)urn:nbn:sk:snk:ar-a03lu9
|
| 035 |
|
|
|a (uuid)a64f440e-afa0-4bad-8f74-d53ea245f3be
|
| 040 |
|
|
|a SNKBUCL
|b slo
|c SNKBUCL
|e AACR2
|
| 041 |
0 |
|
|a slo
|
| 044 |
|
|
|a xo
|c SK
|
| 080 |
|
|
|a 616.36-003.8
|2 1981
|
| 080 |
|
|
|a 616.72-002-008.6
|2 1981
|
| 100 |
1 |
|
|a Kalina, Peter
|c (MUDr., CSc.)
|4 aut
|9 259349
|
| 245 |
1 |
0 |
|a Syndróm podobný systémovému lupus erythematosus vyvolaný penicilamínom u pacienta s Wilsonovou chorobou
|c Peter Kalina, Ľubica Procházková, Dagmar Hauftová
|
| 300 |
|
|
|b Res. rus., angl., nem., lit. 9 zázn. v slov., češ., angl.
|
| 650 |
0 |
7 |
|a Wilsonova choroba
|2 snkbucl
|9 22749
|
| 650 |
0 |
7 |
|a systémový lupus erythematosus
|2 snkbucl
|9 179077
|
| 655 |
|
7 |
|a články z novín a časopisov
|2 snkbucl
|9 267496
|
| 700 |
1 |
|
|a Procházková, Ľubica,
|d 1944-
|4 aut
|9 192612
|
| 700 |
1 |
|
|a Hauftová, Dagmar
|4 aut
|9 1556651
|
| 773 |
0 |
|
|t Bratislavské lekárske listy
|g Roč. 84, č. 3 (1985), s. 336-340
|
| 850 |
|
|
|a Slovenská národná knižnica
|
| 852 |
|
|
|a Slovenská národná knižnica
|
| 954 |
|
|
|a odborná, vedecká literatúra pôvodná (slovenská)
|2 lita
|
| 958 |
|
|
|a article27
|
| 958 |
|
|
|a NB
|
| 958 |
|
|
|a RK
|
| 958 |
|
|
|a MI
|
| 958 |
|
|
|a OND
|
| 958 |
|
|
|a EUIPO
|
| 992 |
|
|
|a RBX
|
| 999 |
|
|
|c 3166015
|d 3167945
|